000
00336nam a22001457a 4500
008
230705b ||||| |||| 00| 0 eng d
020
_a
9781259936494
041
_a
eng
080
_2
FIFTH EDITION
_a
51
082
_a
51MIL
100
_a
23
101
_a
MATEM
245
_a
BEGINNING INTERMEDIATE ALGEBRA
_c
MILLER.J
942
_2
udc
_c
BK
999
_c
60093
_d
60093